000 00529nam a2200181Ia 4500
005 20250326143850.0
008 250326s9999 xx 000 0 und d
037 _aTextbook
040 _aFMSL
_beng
_cFMSL
041 _aeng
_2eng
084 _aB28obT L0
_qFMSL
100 _aGlass G
_9748641
245 0 _aStatistical methods in education and psychology
_cGlass G; Stanley J
260 _aNew Jersey
_bNew Jersey, Prentice-Hall
_c1970
300 _a596p
942 _cTB
_hB28obT L0
999 _c1301394
_d1301394